000 00391cam a22001457a 4500
008 180718b1955 xxu||||| |||| 00| 0 eng d
082 _aD2 Op5/1
100 _aOppenheim, L.
245 _aInternational law: a treatise
_cby L. Oppenheim
250 _a8th ed.
260 _aLondon
_bLongmans
_c1955
300 _av
500 _aContents: v.1. Peace, lvi, 1072p
650 _aInternational law
999 _c424524
_d424524